Über Zuständigkeiten... das Imaginäre (in) der Forensischen Behandlung: eine subjektzentrierte Reflektion
| Autor principal: | |
|---|---|
| Tipo de documento: | Print Artículo |
| Lenguaje: | Alemán |
| Publicado: |
2003
|
| En: |
Forensische Psychiatrie und Psychotherapie
Año: 2003, Volumen: 10, Número: 1, Páginas: 9-42 |
| Acceso en línea: |
Volltext (kostenfrei) Volltext (kostenfrei) Volltext (kostenfrei) |
| Rights Information: | InC 1.0 |
| Verificar disponibilidad: | HBZ Gateway |
| Palabras clave: |
MARC
| LEADER | 00000caa a2200000 c 4500 | ||
|---|---|---|---|
| 001 | 163922405X | ||
| 003 | DE-627 | ||
| 005 | 20240920111700.0 | ||
| 007 | tu | ||
| 008 | 160223s2003 xx ||||| 00| ||ger c | ||
| 035 | |a (DE-627)163922405X | ||
| 035 | |a (DE-576)455805970 | ||
| 035 | |a (DE-599)BSZ455805970 | ||
| 040 | |a DE-627 |b ger |c DE-627 |e rda | ||
| 041 | |a ger | ||
| 084 | |a 2,1 |2 ssgn | ||
| 100 | 1 | |a Kobbé, Ulrich |d 1951- |0 (DE-588)124600506 |0 (DE-627)36343657X |0 (DE-576)164101802 |4 aut | |
| 109 | |a Kobbé, Ulrich 1951- | ||
| 245 | 1 | 0 | |a Über Zuständigkeiten... das Imaginäre (in) der Forensischen Behandlung: eine subjektzentrierte Reflektion |c Ulrich Kobbé |
| 264 | 1 | |c 2003 | |
| 300 | |b Illustrationen | ||
| 336 | |a Text |b txt |2 rdacontent | ||
| 337 | |a ohne Hilfsmittel zu benutzen |b n |2 rdamedia | ||
| 338 | |a Band |b nc |2 rdacarrier | ||
| 500 | |a Literaturverzeichnis: Seite 39-42 | ||
| 540 | |q DE-2619 |a Urheberrechtsschutz 1.0 |2 rs |u http://rightsstatements.org/vocab/InC/1.0/ | ||
| 773 | 0 | 8 | |i Enthalten in |t Forensische Psychiatrie und Psychotherapie |d Lengerich : Pabst, 1994 |g 10(2003), 1, Seite 9-42 |w (DE-627)182391825 |w (DE-600)1203700-X |w (DE-576)041614208 |x 0945-2540 |7 nnas |
| 773 | 1 | 8 | |g volume:10 |g year:2003 |g number:1 |g pages:9-42 |
| 776 | 1 | |o 10.15496/publikation-98716 | |
| 856 | 4 | 1 | |u http://hdl.handle.net/10900/157384 |x Resolving-System |x Digitalisierung |z kostenfrei |3 Volltext |7 0 |
| 856 | 4 | 1 | |u http://nbn-resolving.de/urn:nbn:de:bsz:21-dspace-1573842 |x Resolving-System |x Digitalisierung |z kostenfrei |3 Volltext |7 0 |
| 856 | 4 | 1 | |u https://doi.org/10.15496/publikation-98716 |x Resolving-System |x Digitalisierung |z kostenfrei |3 Volltext |7 0 |
| 935 | |a mkri | ||
| 951 | |a AR | ||
| ELC | |b 1 | ||
| LOK | |0 000 xxxxxcx a22 zn 4500 | ||
| LOK | |0 001 3299611593 | ||
| LOK | |0 003 DE-627 | ||
| LOK | |0 004 163922405X | ||
| LOK | |0 005 20250725141129 | ||
| LOK | |0 008 160208||||||||||||||||ger||||||| | ||
| LOK | |0 040 |a DE-21-110 |c DE-627 |d DE-21-110 | ||
| LOK | |0 689 |a s |a Forensische Psychiatrie | ||
| LOK | |0 689 |a s |a Täterbehandlung | ||
| LOK | |0 689 |a s |a Rückfall | ||
| LOK | |0 689 |a s |a Öffentlicher Diskurs | ||
| LOK | |0 689 |a s |a Forensische Psychotherapie | ||
| LOK | |0 852 |a DE-21-110 | ||
| LOK | |0 852 1 |m p |9 00 | ||
| LOK | |0 935 |a k110 | ||
| LOK | |0 938 |k p | ||
| LOK | |0 939 |a 08-02-16 |b l01 | ||
| LOK | |0 000 xxxxxcx a22 zn 4500 | ||
| LOK | |0 001 4569222056 | ||
| LOK | |0 003 DE-627 | ||
| LOK | |0 004 163922405X | ||
| LOK | |0 005 20240820150341 | ||
| LOK | |0 008 240820||||||||||||||||ger||||||| | ||
| LOK | |0 040 |a DE-2619 |c DE-627 |d DE-2619 | ||
| LOK | |0 092 |o n | ||
| LOK | |0 852 |a DE-2619 | ||
| LOK | |0 852 1 |9 00 | ||
| LOK | |0 866 |x #021 | ||
| LOK | |0 935 |a krzw | ||
| LOK | |0 939 |a 20-08-24 |b l01 | ||
| OAS | |a 1 | ||
| ORI | |a SA-MARC-krimdoka001.raw | ||
